| 000 | 00490nam a2200181 4500 | ||
|---|---|---|---|
| 001 | 25714 | ||
| 005 | 20230410120752.0 | ||
| 008 | 060907n2004 dr spa | ||
| 020 | _a0415336244 | ||
| 035 | _9funglode25907 | ||
| 041 | _aEN | ||
| 050 | 1 | 4 | _aHV 6432.7 S582w 2002 |
| 100 | _aSilberstein, Sandra | ||
| 245 | 1 |
_aWar on words : _blanguage, politics, and 9/11 / _cSandra Silberstein |
|
| 260 |
_aNew York : _bRoutledge, _c2004 |
||
| 300 | _axvii, 197 p | ||
| 942 |
_2lcc _cbk |
||
| 999 |
_c51498 _d51498 |
||